00488 2200193 4500001002100000005001500021035002000036245004900056100000900105250001000114300002300124260003100147082000800178084001400186020002200200650001700222008004100239990001400280INLIS00000000000202920260423083941 a0010-04260000281 aBirokrasi dan Dinamika Politik Lokal /cAbas0 aAbas aCet I a290 hlm. ;c22 cm. aDepok :bAlta Utama,c2017 a351 a351 ABA b a978-602-6563-60-6 4aIlmu Politik260423 0 ind  a201700241